<?xml version="1.0" encoding="UTF-8"?><?xml-stylesheet type="text/xsl" href="static/style.xsl"?><OAI-PMH xmlns="http://www.openarchives.org/OAI/2.0/" xmlns:xsi="http://www.w3.org/2001/XMLSchema-instance" xsi:schemaLocation="http://www.openarchives.org/OAI/2.0/ http://www.openarchives.org/OAI/2.0/OAI-PMH.xsd"><responseDate>2026-06-02T05:19:10Z</responseDate><request verb="GetRecord" identifier="oai:riuma.uma.es:10630/32480" metadataPrefix="marc">https://riuma.uma.es/rest/oai/request</request><GetRecord><record><header><identifier>oai:riuma.uma.es:10630/32480</identifier><datestamp>2026-02-03T12:02:55Z</datestamp><setSpec>com_10630_2254</setSpec><setSpec>col_10630_37959</setSpec></header><metadata><record xmlns="http://www.loc.gov/MARC21/slim" xmlns:dcterms="http://purl.org/dc/terms/" xmlns:doc="http://www.lyncode.com/xoai" xmlns:xsi="http://www.w3.org/2001/XMLSchema-instance" xsi:schemaLocation="http://www.loc.gov/MARC21/slim http://www.loc.gov/standards/marcxml/schema/MARC21slim.xsd">
   <leader>00925njm 22002777a 4500</leader>
   <datafield ind2=" " ind1=" " tag="042">
      <subfield code="a">dc</subfield>
   </datafield>
   <datafield ind2=" " ind1=" " tag="720">
      <subfield code="a">Sánchez-Montero, Manuel</subfield>
      <subfield code="e">author</subfield>
   </datafield>
   <datafield ind2=" " ind1=" " tag="720">
      <subfield code="a">Toscano-Moreno, Manuel</subfield>
      <subfield code="e">author</subfield>
   </datafield>
   <datafield ind2=" " ind1=" " tag="720">
      <subfield code="a">Bravo-Arrabal, Juan</subfield>
      <subfield code="e">author</subfield>
   </datafield>
   <datafield ind2=" " ind1=" " tag="720">
      <subfield code="a">Serón-Barba, Javier</subfield>
      <subfield code="e">author</subfield>
   </datafield>
   <datafield ind2=" " ind1=" " tag="720">
      <subfield code="a">Vera-Ortega, Pablo</subfield>
      <subfield code="e">author</subfield>
   </datafield>
   <datafield ind2=" " ind1=" " tag="720">
      <subfield code="a">Vázquez-Martín, Ricardo</subfield>
      <subfield code="e">author</subfield>
   </datafield>
   <datafield ind2=" " ind1=" " tag="720">
      <subfield code="a">Fernández-Lozano, Juan Jesús</subfield>
      <subfield code="e">author</subfield>
   </datafield>
   <datafield ind2=" " ind1=" " tag="720">
      <subfield code="a">Mandow, Anthony</subfield>
      <subfield code="e">author</subfield>
   </datafield>
   <datafield ind2=" " ind1=" " tag="720">
      <subfield code="a">García-Cerezo, Alfonso José</subfield>
      <subfield code="e">author</subfield>
   </datafield>
   <datafield ind2=" " ind1=" " tag="260">
      <subfield code="c">2022-11-19</subfield>
   </datafield>
   <datafield ind2=" " ind1=" " tag="520">
      <subfield code="a">Recent advances in disaster robotics have improved percep-tual intelligence and maneuverability of unmanned ground vehicles (UGV) and aerial (UAV) vehicles for search and rescue (SAR) missions. Nev-ertheless, effective deployment of disaster robots in complex SAR sce-narios poses additional mission-level challenges regarding operation and monitoring. These challenges include building maps for generating safe paths for the robots, designing reliable communication schemes, and in-tegrating the robotic platforms and human responders through a mission control center. In this paper, we address these problems by applying a mission-oriented Internet of robotic things (IoRT) architecture that in-tegrates robots and human agents trough ROS-based communications. This architecture has been validated in a urban SAR scenario from a remote (440 km) mission control center through a commercial mobile network.</subfield>
   </datafield>
   <datafield ind1="8" ind2=" " tag="024">
      <subfield code="a">Sánchez-Montero M., Toscano-Moreno M., Bravo-Arrabal J., Serón Barba J., Vera-Ortega P., Vázquez-Martín R., Fernandez-Lozano J.J., Mandow A., García-Cerezo A. (2023)Remote Planning and Operation of a UGV Through ROS and Commercial Mobile Networks.  Fifth Iberian Robotics Conference. ROBOT 2022. Lecture Notes in Networks and Systems, vol 589. Springer, Cham. https://doi.org/10.1007/978-3-031-21065-5_23</subfield>
   </datafield>
   <datafield ind1="8" ind2=" " tag="024">
      <subfield code="a">https://hdl.handle.net/10630/32480</subfield>
   </datafield>
   <datafield ind1="8" ind2=" " tag="024">
      <subfield code="a">10.1007/978-3-031-21065-5_23</subfield>
   </datafield>
   <datafield tag="653" ind2=" " ind1=" ">
      <subfield code="a">Robots autónomos</subfield>
   </datafield>
   <datafield tag="653" ind2=" " ind1=" ">
      <subfield code="a">Operaciones de búsqueda y rescate - Equipos y material</subfield>
   </datafield>
   <datafield tag="653" ind2=" " ind1=" ">
      <subfield code="a">Vehículos autodirigidos</subfield>
   </datafield>
   <datafield ind2="0" ind1="0" tag="245">
      <subfield code="a">Remote planning and operation of a UGV through ROS and commercial mobile networks.</subfield>
   </datafield>
</record>
</metadata></record></GetRecord></OAI-PMH>